000 00468nam a2200169Ia 4500
008 230917s9999||||xx |||||||||||||| ||und||
020 _cRS3200
040 _e226073
_aMAIN
041 _aEnglish
082 _a578.76 S98A
100 _aSaxena, Amita
245 0 _aAquatic biodiversity: Issues and environment
260 _aNew Delhi
_bDiscovery Publishing House
_c2014
300 _a504 p.
500 _a2031 10/03/2015 HBD6350 13/03/2015 Main Budget
942 _cBK
999 _c15122
_d15122